000 00537nam a22002057a 4500
003 koha_MIRAKIL
005 20231213095938.0
008 231213b |||||||| |||| 00| 0 ||| d
020 _b978-6-05-370160-6
040 _aTR-IsEVY
_btur
_cTR-IsEVY
082 _a813.42 YAZ/A
100 _aBestami Yazgan.
245 0 _aAffet beni öğrencim
250 _a6. bs.
260 _bNar Yayınları,
_c2015
300 _a112 s.
650 _aTürk edebiyatı -- Anılar.
650 _aTurkish literature -- Memories.
942 _2ddc
_cBK
999 _c11998
_d11998